Statistics for Languages of Spain Quiz (with map)

Click here to take the quiz!

General Stats

  • This quiz has been taken 1,260 times
  • The average score is 7 of 11

Answers on the Map

Answers color-coded by a green-red scale on the quiz's map according to % correct below.
 

Answer Stats

Answer% Correct
Spanish (various dialects including andalusian and castilian)
98%
Catalan
96%
Basque
92%
Galician
89%
Portuguese
76%
Asturleonese
65%
Aragonese
60%
Aranese
52%
Extremaduran
41%
Silbo Gomero
17%
Fala
16%

Score Distribution

Percentile by Number Answered

Percent of People with Each Score

Your Score History

You have not taken this quiz